Zmeny v štruktúre hospodárstva Slovenska od 1. svetovej vojny po súčasnosť bakalárska práca

Na minha lista:
Detalhes bibliográficos
Autor principal: Tomša, Daniel
Autor Corporativo: Národohospodárska fakulta EU. Katedra ekonómie
Outros Autores: Poláčková, Hana, 1968-
Formato: Livro
Idioma:eslovaco
Publicado em: Bratislava 2017
Tags: Adicionar Tag
Sem tags, seja o primeiro a adicionar uma tag!

MARC

LEADER 00000nbm a2200000 4500
001 0233716
005 20171003132409.7
041 0 |a slo 
044 |a SK 
245 1 0 |a Zmeny v štruktúre hospodárstva Slovenska od 1. svetovej vojny po súčasnosť  |b bakalárska práca  |c Daniel Tomša ; školiteľ: Hana Poláčková 
264 1 |a Bratislava  |c 2017 
300 |a 41 s. 
100 1 |a Tomša, Daniel 
700 1 |a Poláčková, Hana, 1968- 
710 2 |a Národohospodárska fakulta EU. Katedra ekonómie